00612nam a2200181Ia 4500999001700000082001600017100001600033100002400049100003800073245003400111260002700145300000800172700004400180700004300224700004600267942001100313952010600324 c58566d58563 aR/5BS(CS)09 aRavi Kumar  aRoll No. 09BS(CS)42 aSupervisor - Ms. Mehwish Leghari  0aQUEST Fees Management System. aNawabshahbQUESTc2013 a47p aSyed Naz Ali Shah (Roll No. 09BS(CS)36) aZaid Ahmed Dahri (Roll No. 09BS(CS)17) aMuhammad Salahuddin (Roll No. 09BS(CS)16) cTHESIS 00104070aRESEARCHbRESEARCHd2018-04-25l0oR/5BS(CS)09pBSCSP/10-103r2018-04-25 00:00:00yTHESIS